[Event "XXVI Miedzynarodowy Festiwal Szachowy w Poznaniu - OPEN A"]
[Site "Poznan"]
[Date "2018-08-22"]
[Round "5.26"]
[White "Tadych, Szymon "]
[Black "Wojdak, Jan"]
[Result "0-1"]
[WhiteTitle ""]
[BlackTitle ""]
[WhiteElo "1468"]
[BlackElo "1818"]

1. e4 c5 2. f4 d5 3. exd5 Nf6 4. Nf3 Nxd5 5. Nc3 Nxc3 6. dxc3 Qxd1+ 7. Kxd1 Nc6
8. Be3 e6 9. Bb5 Bd7 10. Ke2 f6 11. Rhd1 a6 12. Bxc6 Bxc6 13. g4 Be7 14. g5 Bb5+
15. Kf2 fxg5 16. Nxg5 Bxg5 17. fxg5 O-O 18. Kg1 Rf5 19. a4 Bc6 20. h4 Re5 21.
Bf2 Re4 22. Re1 Rg4+ 23. Kf1 Rf8 24. Rxe6 Rxh4 25. Rxc6 bxc6 26. Ke2 Rh2 27. Rf1
Rg2 28. g6 hxg6 29. b4 cxb4 30. cxb4 g5 31. c3 g4 32. Ke1 Re8+ 33. Kd1 Rf8 34.
Ke1 g3 35. Bd4 Re8+ 36. Kd1 Ra2 37. Rg1 Ra1+ 38. Kd2 Rxg1 39. Bxg1 g2 40. Bf2
g5 41. c4 g4 42. b5 axb5 43. cxb5 cxb5 44. axb5 Rf8 45. Ke2 g3 46. Be3 Re8 47.
Kd2 Rxe3 0-1

[Event "XXVI Miedzynarodowy Festiwal Szachowy w Poznaniu - OPEN A"]
[Site "Poznan"]
[Date "2018-08-22"]
[Round "5.27"]
[White "Wawrzyniak, Pawel"]
[Black "Czarnolewski, Piotr"]
[Result "1/2-1/2"]
[WhiteTitle ""]
[BlackTitle ""]
[WhiteElo "1814"]
[BlackElo "1634"]

1. d4 Nf6 2. c4 c5 3. d5 b5 4. cxb5 a6 5. bxa6 g6 6. Nc3 Bxa6 7. g3 d6 8. Bg2 Bg7
9. Nf3 Nbd7 10. Rb1 O-O 11. O-O Qc7 12. b3 Ng4 13. Qc2 Nde5 14. Bd2 Nxf3+ 15.
Bxf3 Rfb8 16. Bg2 Ra7 17. Rfc1 Nf6 18. Bf3 Nd7 19. Bg2 Nf6 20. Bf1 Rab7 21. e4
Bxf1 22. Kxf1 Qd7 23. Kg2 e6 24. dxe6 fxe6 25. Bf4 Qc6 26. Rd1 Rd8 27. f3 d5 28.
exd5 exd5 29. a4 Nh5 30. Bg5 Rdd7 31. Nb5 Be5 32. Be3 Bd6 33. Nxd6 Qxd6 34. Qxc5
Qa6 35. Qc8+ Kf7 36. Rd2 Qe6 37. Re1 Rbc7 38. Qh8 Nf6 39. Bf2 Qc6 40. Bd4 Rd6
41. Rde2 Rdd7 42. g4 Rc8 43. Qxf6+ Qxf6 44. Bxf6 Kxf6 45. Rb2 Ra7 46. Kf2 Rb8
47. Reb1 d4 48. Ke2 Ke5 49. Kd3 Kd5 50. h4 Re8 51. Re2 Rc8 52. f4 Rc3+ 53. Kd2
Rf3 54. Re5+ Kd6 55. Rbe1 Rxb3 56. a5 Rh3 57. h5 gxh5 58. gxh5 Rc7 59. R1e4 Rc4
60. Re6+ Kc5 61. R4e5+ Kb4 62. Rb6+ Ka4 63. Rd5 d3 64. Rxd3 Rh2+ 65. Ke3 Kxa5
66. Rb7 Rh3+ 67. Kd2 Rh2+ 68. Kd1 Rh1+ 69. Kd2 1/2-1/2

[Event "XXVI Miedzynarodowy Festiwal Szachowy w Poznaniu - OPEN A"]
[Site "Poznan"]
[Date "2018-08-22"]
[Round "5.28"]
[White "Mozdzanowski, Filip"]
[Black "Polarczyk, Pawel "]
[Result "1/2-1/2"]
[WhiteTitle ""]
[BlackTitle ""]
[WhiteElo "1411"]
[BlackElo "1811"]

1. c4 d6 2. Nc3 e5 3. g3 g6 4. Bg2 Bg7 5. Nf3 Nc6 6. d3 Bd7 7. a3 Qc8 8. Rb1 Bh3
9. O-O Bxg2 10. Kxg2 Nge7 11. b4 O-O 12. Bb2 Qd7 13. e4 f5 14. Nd5 fxe4 15. dxe4
Nxd5 16. cxd5 Nd8 17. Rc1 Rc8 18. Qd3 h6 19. Rc2 Nf7 20. Rfc1 Bf6 21. Rc4 Ng5
22. Nxg5 Bxg5 23. R1c2 Rf7 24. Bc1 Bxc1 25. Rxc1 Kg7 26. R1c3 Qd8 27. Qc2 Qd7
28. a4 g5 29. b5 Kg6 30. Qc1 Rcf8 31. Qe3 Rxf2+ 32. Qxf2 Rxf2+ 33. Kxf2 Qh3 34.
Kg1 Qg4 35. Rc2 Qd1+ 36. Kg2 Qd3 37. Kf2 a6 1/2-1/2

[Event "XXVI Miedzynarodowy Festiwal Szachowy w Poznaniu - OPEN A"]
[Site "Poznan"]
[Date "2018-08-22"]
[Round "5.29"]
[White "Zielinski, Tomasz"]
[Black "Lesien, Przemyslaw "]
[Result "0-1"]
[WhiteTitle ""]
[BlackTitle ""]
[WhiteElo "1382"]
[BlackElo "1793"]

1. e4 c5 2. Nf3 a6 3. c3 e6 4. d4 cxd4 5. cxd4 d5 6. exd5 Bb4+ 7. Nc3 Qxd5 8. a3
Qa5 9. Bd2 Be7 10. Qc2 Nc6 11. Rc1 Nf6 12. Bd3 Qd8 13. Be3 Bd7 14. O-O Rc8 15.
b4 h6 16. Qd2 Nd5 17. Nxd5 exd5 18. h3 Be6 19. Rc3 g5 20. Rfc1 Na7 21. Ne5 Rg8
22. g4 h5 23. gxh5 Bxh3 24. h6 Rxc3 25. Rxc3 Rh8 26. h7 f5 27. Ng6 Rxh7 28. Nxe7
Qxe7 29. Bxg5 Qd6 30. Qe3+ Kf8 31. f4 Bg4 32. Bf1 Nc6 33. Rc1 Qg6 34. Bg2 Qh5
35. Kf1 Bh3 36. Qf2 Bxg2+ 37. Qxg2 Qh1+ 38. Kf2 Qxc1 39. Qxd5 Rh2+ 40. Kg3 Qg1+
41. Kf3 Qf2# 0-1

[Event "XXVI Miedzynarodowy Festiwal Szachowy w Poznaniu - OPEN A"]
[Site "Poznan"]
[Date "2018-08-22"]
[Round "5.30"]
[White "Pawlowski, Rafal "]
[Black "Korzystka, Wiktor"]
[Result "1-0"]
[WhiteTitle ""]
[BlackTitle ""]
[WhiteElo "1791"]
[BlackElo "1261"]

1. d4 e6 2. Nf3 f5 3. Bg5 Nf6 4. c4 h6 5. Bf4 d5 6. e3 Be7 7. Ne5 g5 8. Ng6 Bb4+
9. Nc3 Rg8 10. Qa4+ Nc6 11. Ne5 Bxc3+ 12. bxc3 gxf4 13. Nxc6 Qd7 14. cxd5 bxc6
15. dxc6 Qd6 16. Rb1 fxe3 17. fxe3 Nd5 18. Kd2 Nb6 19. Qd1 e5 20. Rb5 exd4 21.
exd4 Nd5 22. Qh5+ Rg6 23. Rxd5 Qf4+ 24. Kd1 Kf7 25. Bd3 Kg7 26. g3 Qf2 27. Qe2
Qxe2+ 28. Kxe2 Rxc6 29. Kd2 Rb6 30. Bxf5 Bb7 31. Rd7+ Kf6 32. Rf1 Rb2+ 33. Kc1
Rxh2 34. Be4+ Ke6 35. Bxb7 Rb8 36. Rxc7 Rxa2 37. Rff7 Rg8 38. Rcd7 Rg5 39. c4
Rxg3 40. Bd5# 1-0

[Event "XXVI Miedzynarodowy Festiwal Szachowy w Poznaniu - OPEN A"]
[Site "Poznan"]
[Date "2018-08-22"]
[Round "5.31"]
[White "Aleshko, Margarita "]
[Black "Grochowski, Michal "]
[Result "0-1"]
[WhiteTitle ""]
[BlackTitle ""]
[WhiteElo "1219"]
[BlackElo "1781"]

1. e4 c5 2. Nf3 d6 3. c3 Nf6 4. h3 Nc6 5. Bd3 g6 6. Bc2 Bg7 7. a3 O-O 8. d4 cxd4
9. cxd4 Bd7 10. O-O Rc8 11. Nc3 a6 12. Be3 b5 13. Qd2 Qc7 14. Bh6 Na5 15. Bxg7
Kxg7 16. e5 Ne8 17. Nd5 Qd8 18. Rab1 Nc4 19. Qe2 Bc6 20. Ne3 Bxf3 21. gxf3 Qd7
22. Nxc4 Rxc4 23. exd6 Qxd6 24. Rfd1 Nf6 25. Bb3 Rc7 26. Qe5 Qd7 27. Kh2 Rfc8
28. Re1 Kg8 29. Re3 Ne8 30. Qf4 Nd6 31. Rbe1 Qf5 32. Qg3 Qf6 33. Re5 Kg7 34. Qg4
Rd8 35. d5 Rdd7 36. R1e2 Rd8 37. Re1 a5 38. a4 Rb8 39. R1e3 Rcb7 40. Kg2 bxa4
41. Qxa4 Rxb3 42. Rxb3 Rxb3 43. Qxb3 Qxe5 44. Qa2 Qg5+ 45. Kh2 Qf4+ 0-1

[Event "XXVI Miedzynarodowy Festiwal Szachowy w Poznaniu - OPEN A"]
[Site "Poznan"]
[Date "2018-08-22"]
[Round "5.32"]
[White "Roszkiewicz, Anna"]
[Black "Pietras, Igor"]
[Result "1-0"]
[WhiteTitle ""]
[BlackTitle ""]
[WhiteElo "1750"]
[BlackElo "1140"]

1. e4 c5 2. Nf3 e6 3. d4 cxd4 4. Nxd4 a6 5. Bd3 Qc7 6. O-O b5 7. a4 b4 8. Nd2 Bb7
9. Qe2 Nc6 10. Nxc6 Qxc6 11. Nb3 Qc7 12. Re1 Ne7 13. Be3 Nc6 14. f4 Be7 15. Qf2
O-O 16. Bb6 Qb8 17. Rad1 d6 18. Nd2 Bf6 19. Rb1 e5 20. f5 Qe8 21. Nc4 Qe7 22.
Be3 Nd4 23. c3 Nc6 24. Nb6 Rab8 25. Nd5 Qd8 26. Bb6 Qd7 27. cxb4 Bd8 28. Bxd8
Rfxd8 29. b5 Nd4 30. bxa6 Bc6 31. f6 Bxd5 32. exd5 Rb3 33. Bc4 Rb4 34. b3 Qf5
35. Qxf5 Nxf5 36. fxg7 Nxg7 37. Bb5 Ra8 38. Rbc1 e4 39. Rc4 Rxc4 40. bxc4 Nf5
41. Re2 e3 42. g4 Nd4 43. Rxe3 Nc2 44. Re7 Nb4 45. a7 Kg7 46. Rd7 Nc2 47. Bc6
Nd4 48. Rxf7+ Kxf7 49. Bxa8 1-0

[Event "XXVI Miedzynarodowy Festiwal Szachowy w Poznaniu - OPEN A"]
[Site "Poznan"]
[Date "2018-08-22"]
[Round "5.33"]
[White "Lesien, Tymoteusz"]
[Black "Kupsik, Joanna "]
[Result "0-1"]
[WhiteTitle ""]
[BlackTitle ""]
[WhiteElo "1147"]
[BlackElo "1732"]

1. d4 d5 2. c4 Nc6 3. Nf3 Bg4 4. e3 e5 5. Be2 exd4 6. exd4 dxc4 7. Qa4 Qd7 8. Qxc4
O-O-O 9. Be3 Nf6 10. Nbd2 Qd5 11. Qc3 Bb4 12. Qc2 Ne4 13. Bc4 Qf5 14. Bd3 Rhe8
15. a3 Bxf3 16. axb4 Nxb4 17. Qc3 Nxd3+ 18. Qxd3 Bxg2 19. Rg1 Bh3 20. Rg5 Nxg5
0-1

[Event "XXVI Miedzynarodowy Festiwal Szachowy w Poznaniu - OPEN A"]
[Site "Poznan"]
[Date "2018-08-22"]
[Round "5.34"]
[White "Stochnialek, Dominika"]
[Black "Kabzinski, Jan "]
[Result "1/2-1/2"]
[WhiteTitle ""]
[BlackTitle ""]
[WhiteElo "1725"]
[BlackElo "1522"]

1. e4 c5 2. Nf3 Nc6 3. d4 cxd4 4. Nxd4 Nf6 5. Nc3 d6 6. Bg5 e6 7. Bb5 Bd7 8. Nb3
a6 9. Be2 b5 10. a3 Qb6 11. Be3 Qc7 12. O-O Be7 13. f4 O-O 14. Bf3 Rac8 15. Qe2
Rfd8 16. Qf2 Rb8 17. Be2 Bc8 1/2-1/2

[Event "XXVI Miedzynarodowy Festiwal Szachowy w Poznaniu - OPEN A"]
[Site "Poznan"]
[Date "2018-08-22"]
[Round "5.36"]
[White "Trochimowicz, Bartosz"]
[Black "Weglarz, Janusz"]
[Result "0-1"]
[WhiteTitle ""]
[BlackTitle ""]
[WhiteElo "1302"]
[BlackElo "1707"]

1. d4 Nf6 2. Bg5 e6 3. e3 Be7 4. Bd3 d5 5. c3 Nbd7 6. f4 h6 7. Bh4 c5 8. Nd2 c4
9. Bc2 O-O 10. Ngf3 b5 11. a3 a5 12. O-O Bb7 13. Ne5 Ne4 14. Bxe7 Qxe7 15. Rf3
Ndf6 16. Rh3 Rfd8 17. g4 Nxd2 18. Qxd2 Ne4 19. Qe2 f6 20. Ng6 Qf7 21. Bxe4 dxe4
22. f5 Bd5 23. Rg3 b4 24. h4 bxc3 25. bxc3 Rab8 26. Ra2 Rb3 27. g5 fxg5 28. hxg5
Kh7 29. gxh6 gxh6 30. Qh5 Qxf5 31. Qxf5 exf5 32. Ne7 Rb1+ 33. Kh2 f4 34. Nxd5
fxg3+ 35. Kxg3 Rxd5 36. Kf4 Rd7 37. Kxe4 Rb3 38. Rc2 Rxa3 39. d5 Kg7 40. Kd4 Kf6
41. e4 Ra1 42. e5+ Ke7 43. Rh2 Rd1+ 44. Kxc4 R7xd5 45. Rxh6 Rxe5 46. Rh7+ Kd6
47. Rh6+ Kc7 48. Rh7+ Rd7 49. Rh1 Kb7 50. Rb1+ Ka6 51. Rh1 Re4+ 52. Kc5 Rc7+ 53.
Kd5 Rec4 54. Rh6+ Kb5 55. Rh1 Rxc3 56. Rb1+ Ka4 57. Kd4 R7c4+ 58. Kd5 Rb4 59.
Ra1+ Kb5 60. Rh1 Rc5+ 61. Kd6 Kb6 62. Rh8 Rd4+ 63. Ke6 a4 64. Rb8+ Ka7 65. Rh8
Rb5 66. Rh3 Rb3 67. Rh7+ Ka6 68. Rh8 Ka5 69. Ra8+ Kb4 70. Rb8+ Kc3 71. Rc8+ Rc4
72. Rh8 Kb2 0-1

[Event "XXVI Miedzynarodowy Festiwal Szachowy w Poznaniu - OPEN A"]
[Site "Poznan"]
[Date "2018-08-22"]
[Round "5.37"]
[White "Zarzycki, Lukasz "]
[Black "Kiwilsza, Piotr"]
[Result "0-1"]
[WhiteTitle ""]
[BlackTitle ""]
[WhiteElo "1130"]
[BlackElo "1623"]

1. e4 e5 2. Nf3 Nc6 3. Bb5 a6 4. Ba4 Bc5 5. O-O d6 6. c3 Bd7 7. d3 Nge7 8. Nbd2
O-O 9. h3 Ng6 10. Re1 Nf4 11. Nf1 Qf6 12. Ng3 Qg6 13. Nh4 Qxg3 0-1

[Event "XXVI Miedzynarodowy Festiwal Szachowy w Poznaniu - OPEN A"]
[Site "Poznan"]
[Date "2018-08-22"]
[Round "5.38"]
[White "Cichon, Mieczyslaw "]
[Black "Hoffmann, Kacper "]
[Result "0-1"]
[WhiteTitle ""]
[BlackTitle ""]
[WhiteElo "1199"]
[BlackElo "1569"]

1. e4 d6 2. Nc3 Nf6 3. Nf3 g6 4. d3 Bg7 5. Bg5 O-O 6. Qd2 c5 7. h3 Nc6 8. a3 a6
9. Be2 b5 10. Bh6 b4 11. axb4 Nxb4 12. Bxg7 Kxg7 13. d4 Bb7 14. Bd3 Rc8 15. d5
Re8 16. g4 e6 17. g5 Nxe4 18. Nxe4 exd5 19. O-O-O dxe4 20. Qc3+ Kg8 21. Bc4 d5
22. Bb3 exf3 23. Rhg1 c4 24. Qxb4 cxb3 25. Qxb3 Qc7 26. Rd4 Re2 27. c3 Rxf2 28.
Re1 Re2 29. Qd1 Qe5 30. Rf1 f2 31. Qd3 Re1+ 32. Kc2 Rxf1 33. Qxf1 Qxd4 34. Kb1
Qe4+ 35. Ka2 Qc4+ 36. Qxc4 dxc4 37. h4 f1=Q 38. h5 Rc5 39. Ka3 Qa1+ 40. Kb4 Qa5#
0-1

[Event "XXVI Miedzynarodowy Festiwal Szachowy w Poznaniu - OPEN A"]
[Site "Poznan"]
[Date "2018-08-22"]
[Round "5.39"]
[White "Aleshko, Igor L"]
[Black "Zatylny, Jan "]
[Result "1/2-1/2"]
[WhiteTitle ""]
[BlackTitle ""]
[WhiteElo "1222"]
[BlackElo "1548"]

1. d4 d5 2. c4 e6 3. g3 c6 4. Qc2 Nf6 5. Bg2 Be7 6. Nf3 Nbd7 7. O-O h6 8. Nbd2
O-O 9. Rd1 Nh7 10. e4 Ndf6 11. e5 Ne8 12. a3 f5 13. b4 a6 14. Bb2 Bd7 15. Rac1
Rc8 16. Nb3 b6 17. Qe2 Nc7 18. c5 b5 19. Na5 Rb8 20. Rc3 Ng5 21. Nxg5 Bxg5 22.
Bc1 Kh7 23. f4 Be7 1/2-1/2

[Event "XXVI Miedzynarodowy Festiwal Szachowy w Poznaniu - OPEN A"]
[Site "Poznan"]
[Date "2018-08-22"]
[Round "5.40"]
[White "Zakrzewski, Bartosz"]
[Black "Geselle, Roman "]
[Result "1-0"]
[WhiteTitle ""]
[BlackTitle ""]
[WhiteElo "1533"]
[BlackElo "1461"]

1. e4 Nf6 2. e5 Nd5 3. d4 d6 4. Nf3 Bg4 5. Be2 e6 6. c4 Nb6 7. Be3 Nc6 8. O-O Rb8
9. Nbd2 Be7 10. a3 O-O 11. b4 a6 12. Re1 f6 13. exd6 cxd6 14. Qb3 d5 15. c5 Nd7
16. Bf4 Ra8 17. Bd3 Qc8 18. h3 Bxf3 19. Nxf3 Nd8 20. Re3 Rf7 21. Rae1 g6 22. Nh2
Kg7 23. Ng4 g5 24. Bd6 Bxd6 25. cxd6 Qc6 26. Qb1 h5 27. Bg6 Rf8 28. Bxh5 f5 29.
Rxe6 Nxe6 30. Rxe6 Rac8 31. Re7+ Kh8 32. Ne5 Qc1+ 33. Qxc1 Rxc1+ 34. Kh2 Nf6 35.
Ng6+ Kg8 36. Nxf8 Kxf8 37. Rf7+ Ke8 38. Rxf6+ Kd7 39. Rxf5 Kxd6 40. Bf3 Ra1 41.
Rxd5+ Kc7 42. Rxg5 Rxa3 43. h4 1-0

[Event "XXVI Miedzynarodowy Festiwal Szachowy w Poznaniu - OPEN A"]
[Site "Poznan"]
[Date "2018-08-22"]
[Round "5.41"]
[White "Huchwajda, Grzegorz"]
[Black "Kaluzny, Stanislaw "]
[Result "1-0"]
[WhiteTitle ""]
[BlackTitle ""]
[WhiteElo "1531"]
[BlackElo "1321"]

1. e4 c5 2. d4 cxd4 3. c3 dxc3 4. Nxc3 Nc6 5. Nf3 d6 6. Bc4 Nf6 7. O-O e5 8. h3
Be7 9. Qe2 O-O 10. Rd1 Qc7 11. Nb5 Qd7 12. Be3 Nxe4 13. Bd3 Nf6 14. Bg5 a6 15.
Nc3 b5 16. a3 Bb7 17. Rac1 Rac8 18. Bb1 Rfd8 19. Qc2 g6 20. Bxf6 Bxf6 21. Nd5
Qe6 22. Qe4 Nd4 23. Rxc8 Nxf3+ 24. Qxf3 Qxc8 25. Nxf6+ Kg7 26. Nd5 f5 27. Qb3
Qc6 28. Qc3 Qd7 29. Nb6 Qc6 30. Qxc6 Bxc6 31. Ba2 Kf6 32. Rc1 Be8 33. Nd5+ Kg7
34. Rc7+ Kh6 35. b4 g5 36. f3 Bg6 37. Ne7 e4 38. Nxg6 Kxg6 39. Kf2 d5 40. Rc6+
Kg7 41. Rc5 d4 42. Rxf5 e3+ 43. Ke1 d3 44. Rd5 d2+ 45. Ke2 1-0

[Event "XXVI Miedzynarodowy Festiwal Szachowy w Poznaniu - OPEN A"]
[Site "Poznan"]
[Date "2018-08-22"]
[Round "5.42"]
[White "Nicikowski, Jozef"]
[Black "Kolendo, Kajetan "]
[Result "1-0"]
[WhiteTitle ""]
[BlackTitle ""]
[WhiteElo "1459"]
[BlackElo "1132"]

1. d4 e6 2. Nf3 d5 3. Bf4 c5 4. e3 Nc6 5. c3 Qb6 6. Qc2 Nf6 7. Nbd2 Be7 8. Be2
O-O 9. O-O Nh5 10. Ng5 Nf6 11. Be5 h6 12. Nh3 Nxe5 13. dxe5 Nd7 14. f4 f6 15.
Qg6 fxe5 16. fxe5 Rxf1+ 17. Rxf1 Qd8 18. Qxe6+ 1-0

[Event "XXVI Miedzynarodowy Festiwal Szachowy w Poznaniu - OPEN A"]
[Site "Poznan"]
[Date "2018-08-22"]
[Round "5.44"]
[White "Kierska, Pola"]
[Black "Wojdak, Karol"]
[Result "0-1"]
[WhiteTitle ""]
[BlackTitle ""]
[WhiteElo "1070"]
[BlackElo "1408"]

1. e4 e5 2. Nf3 Nc6 3. Bc4 Bc5 4. O-O Nf6 5. Re1 d6 6. h3 h6 7. c3 O-O 8. d4 exd4
9. cxd4 Bb6 10. d5 Ne5 11. Nxe5 dxe5 12. Qf3 Qd6 13. Qg3 Nh5 14. Qf3 Nf6 15. Qg3
Kh8 16. a3 Bd4 17. Ra2 Nh5 18. Qd3 f5 19. Nd2 Bxf2+ 20. Kh1 Bxe1 21. Qe3 Bxd2
22. Bxd2 f4 23. Qd3 Ng3+ 24. Kg1 Bd7 25. Bb4 Qb6+ 26. Kh2 Rf6 27. Qc3 a5 28. Be7
Rf7 29. Bh4 Qd6 30. Bxg3 fxg3+ 31. Qxg3 Raf8 32. Qe3 Rf2 33. b4 Rxa2 34. Bxa2
axb4 35. axb4 Rf2 36. Bc4 Qg6 37. Qg3 Qxg3+ 38. Kxg3 Rc2 39. Bd3 Rc3 40. Kf2 Rxd3
41. Ke2 Rb3 42. g4 Rxb4 43. Kd3 Rd4+ 44. Ke3 g5 45. Kf3 Ba4 46. Kg3 Rd3+ 47. Kg2
Kg7 48. Kf2 Kf7 49. Ke2 Bb5 50. Kf2 Ke7 51. d6+ Kxd6 52. Kg2 Kc5 53. Kf2 Kd4 54.
Kg2 Ke3 55. h4 Kf4 56. hxg5 hxg5 57. Kh2 Kxg4 58. Kh1 Kg3 59. Kg1 Rd1# 0-1

[Event "XXVI Miedzynarodowy Festiwal Szachowy w Poznaniu - OPEN A"]
[Site "Poznan"]
[Date "2018-08-22"]
[Round "5.45"]
[White "Biniak, Zuzanna"]
[Black "Kaluzny, Jan "]
[Result "0-1"]
[WhiteTitle ""]
[BlackTitle ""]
[WhiteElo "1048"]
[BlackElo "1375"]

1. e4 c5 2. Nf3 Nc6 3. d4 cxd4 4. Nxd4 Nf6 5. Nc3 d6 6. Bb5 Bd7 7. Be3 a6 8. Bd3
Ng4 9. Nxc6 bxc6 10. Qd2 Nxe3 11. Qxe3 g6 12. O-O Bg7 13. Rab1 O-O 14. Ne2 e6
15. Qg3 d5 16. e5 f6 17. f4 fxe5 18. fxe5 Qc7 19. Rxf8+ Rxf8 20. Rf1 Qb6+ 21.
Rf2 Bxe5 22. Qh4 Bxh2+ 23. Kxh2 Qxf2 24. Qxf2 Rxf2 25. Bxa6 c5 26. b3 c4 27. bxc4
Rxe2 28. cxd5 Rxc2 29. dxe6 Bxe6 30. a4 Ra2 31. Bb5 Kg7 32. Kg3 Bd5 33. Kf4 Bxg2
34. Ke5 h5 35. Kf4 Bd5 36. Kg5 Bb3 37. Be8 Bxa4 38. Bxg6 Bd1 39. Bb1 Rg2+ 40.
Kh4 Bf3 41. Bf5 Kf6 42. Bh3 Rg1 43. Bc8 Ke5 44. Bd7 Kf4 45. Bh3 Be2 46. Bg4 Rxg4+
47. Kxh5 Rg1+ 48. Kh6 Kf5 49. Kh7 Kf6 50. Kh8 Kf7 51. Kh7 Rh1# 0-1

[Event "XXVI Miedzynarodowy Festiwal Szachowy w Poznaniu - OPEN A"]
[Site "Poznan"]
[Date "2018-08-22"]
[Round "5.46"]
[White "Muller, Marcin "]
[Black "Purczynski, Andrzej"]
[Result "0-1"]
[WhiteTitle ""]
[BlackTitle ""]
[WhiteElo "1351"]
[BlackElo "1235"]

1. e4 e6 2. f4 d5 3. e5 Ne7 4. Nf3 c5 5. c3 Nf5 6. d4 cxd4 7. cxd4 Bb4+ 8. Nc3
Nc6 9. Bb5 O-O 10. Bxc6 bxc6 11. a3 Ba5 12. b4 Bb6 13. g4 Nh4 14. Be3 Nxf3+ 15.
Qxf3 a5 16. O-O Qe7 17. f5 axb4 18. axb4 Rxa1 19. Rxa1 Qxb4 20. Bf2 Bxd4 21. Rc1
Bxf2+ 22. Kxf2 Qd4+ 23. Kg2 Qxe5 24. Rf1 exf5 25. gxf5 f6 26. Rf2 Ba6 27. Ra2
Bc4 28. Ra7 d4 29. Qg4 Bf7 30. Ne2 d3 31. Nd4 Qd5+ 32. Kf2 d2 33. Ne6 g6 34. fxg6
Bxg6 35. Ra1 Re8 36. Nc7 Qc5+ 37. Kg2 Re7 38. Qc8+ Kf7 39. Ra8 Qg5+ 40. Kf3 Qe3+
0-1

[Event "XXVI Miedzynarodowy Festiwal Szachowy w Poznaniu - OPEN A"]
[Site "Poznan"]
[Date "2018-08-22"]
[Round "5.47"]
[White "Nawrowski, Artur "]
[Black "Nowak, Roksana "]
[Result "1/2-1/2"]
[WhiteTitle ""]
[BlackTitle ""]
[WhiteElo "1024"]
[BlackElo "1329"]

1. d4 Nf6 2. c4 g6 3. Nc3 Bg7 4. Bg5 O-O 5. e4 d6 6. Nf3 Bg4 7. Bd3 Nc6 8. Be3
e5 9. d5 Ne7 10. h3 Bxf3 11. Qxf3 c6 12. Bg5 Nd7 13. O-O f6 14. Bh4 cxd5 15. cxd5
Nc5 16. Qe2 Nxd3 17. Qxd3 a6 18. a4 Rc8 19. f3 Qb6+ 20. Bf2 Qxb2 21. Rfc1 Qb4
22. Rab1 Qc4 23. Qxc4 Rxc4 24. Rxb7 Nc8 25. Be1 Rf7 26. Rxf7 Kxf7 27. Rb1 Rc7
28. Rb8 h5 29. Ra8 Na7 30. Rb8 Bh6 31. Kf2 Nc8 32. Ra8 Na7 33. Rb8 Nc8 34. Ra8
Na7 35. Rb8 Nc8 36. Ra8 Na7 1/2-1/2

[Event "XXVI Miedzynarodowy Festiwal Szachowy w Poznaniu - OPEN A"]
[Site "Poznan"]
[Date "2018-08-22"]
[Round "5.51"]
[White "Kapustka, Oskar"]
[Black "Lakowski, Filip"]
[Result "0-1"]
[WhiteTitle ""]
[BlackTitle ""]
[WhiteElo "1012"]
[BlackElo "1210"]

1. e4 g6 2. Nf3 Bg7 3. d4 d6 4. Nc3 a6 5. h3 b5 6. Bd3 Bb7 7. O-O Nd7 8. Re1 c5
9. Be3 Ngf6 10. Qd2 O-O 11. d5 Re8 12. Bf4 Qb6 13. Rad1 Rad8 14. a3 e6 15. Bg5
Rc8 16. dxe6 fxe6 17. e5 Nxe5 18. Nxe5 dxe5 19. Rxe5 c4 20. Be2 Ng4 21. Be3 Nxe3
22. Rxe3 Bh6 23. Rxe6 Qxe6 24. Qxh6 Rcd8 25. Re1 Qc6 26. Qg5 Qc8 27. h4 Qf5 28.
Qg3 Qxc2 29. Qg4 Qxb2 30. Bxc4+ bxc4 31. Qxc4+ Kf8 32. Qc5+ Kf7 33. Qc7+ Kf6 34.
Qf4+ Kg7 35. Qc7+ Kh8 36. Rxe8+ Rxe8 37. Qf7 Re1+ 38. Kh2 Qxa3 39. Nd5 Bxd5 40.
Qf6+ Kg8 41. Qd8+ Qf8 42. Qxd5+ Qf7 43. Qa8+ Re8 44. Qxa6 Qxf2 45. Qc4+ Qf7 46.
Qc2 Qe7 47. Qc4+ Qf7 48. Qc2 Kg7 49. Qc3+ Qf6 50. Qc7+ Re7 51. Qc2 Qxh4+ 52. Kg1
Re1# 0-1

[Event "XXVI Miedzynarodowy Festiwal Szachowy w Poznaniu - OPEN A"]
[Site "Poznan"]
[Date "2018-08-25"]
[Round "8.2"]
[White "Sieciechowicz, Marcin"]
[Black "Schmidt, Wlodzimierz "]
[Result "1/2-1/2"]
[WhiteTitle ""]
[BlackTitle ""]
[WhiteElo "2424"]
[BlackElo "2258"]

1. d4 Nf6 2. c4 g6 3. Nc3 d5 4. cxd5 Nxd5 5. e4 Nxc3 6. bxc3 Bg7 7. Bc4 c5 8. Ne2
Nc6 9. Be3 O-O 10. O-O Bg4 11. f3 Bd7 12. Rb1 Qc7 13. Bf4 Qc8 14. d5 Na5 15. Bd3
e6 16. Qd2 exd5 17. exd5 c4 18. Bc2 Re8 19. Be3 b6 1/2-1/2

[Event "XXVI Miedzynarodowy Festiwal Szachowy w Poznaniu - OPEN A"]
[Site "Poznan"]
[Date "2018-08-25"]
[Round "8.3"]
[White "Kulon, Klaudia "]
[Black "Zakrzewski, Marek"]
[Result "0-1"]
[WhiteTitle ""]
[BlackTitle ""]
[WhiteElo "2355"]
[BlackElo "2333"]

1. e4 c5 2. Nf3 e6 3. g3 Nc6 4. Bg2 Nf6 5. d3 Be7 6. O-O d6 7. c3 O-O 8. Nbd2 Bd7
9. a4 a6 10. Nc4 b5 11. axb5 axb5 12. Rxa8 Qxa8 13. Nb6 Qa2 14. d4 cxd4 15. cxd4
Rb8 16. Nxd7 Nxd7 17. d5 Nce5 18. Nd4 Nc5 19. b4 Ncd3 20. f4 Qc4 21. Be3 Ng6 22.
dxe6 fxe6 23. Nxe6 Nxb4 24. f5 Ne5 25. Nxg7 Nc2 26. Ba7 Ra8 27. f6 Bxf6 28. Ne8
Rxa7 29. Nxf6+ Kh8 30. Qh5 Rf7 31. Qg5 Ng6 32. Rf2 Qd4 33. Ng4 b4 34. Qb5 Kg7
35. Bf3 Ne5 36. Nxe5 dxe5 37. Kf1 Ne3+ 38. Ke2 Ng4 39. Rf1 Nxh2 40. Rd1 Nxf3 41.
Qb8 Ng1+ 0-1

[Event "XXVI Miedzynarodowy Festiwal Szachowy w Poznaniu - OPEN A"]
[Site "Poznan"]
[Date "2018-08-25"]
[Round "8.4"]
[White "Huchwajda, Lukasz"]
[Black "Chojnacki, Krzysztof "]
[Result "0-1"]
[WhiteTitle ""]
[BlackTitle ""]
[WhiteElo "1945"]
[BlackElo "2352"]

1. d4 Nf6 2. Bf4 g6 3. Nc3 Bg7 4. e4 d6 5. Qd2 c6 6. Bh6 Bxh6 7. Qxh6 Qa5 8. Qd2
e5 9. O-O-O Be6 10. a3 Nbd7 11. h3 exd4 12. Qxd4 O-O-O 13. f4 d5 14. e5 c5 15.
Qd3 d4 16. Ne4 Nxe4 17. Qxe4 Nb6 18. Nf3 Nd5 19. Bc4 Nxf4 20. Bxe6+ Nxe6 21. Nd2
Qa4 22. Rhf1 Rd7 23. Qd3 Kb8 24. Qc4 Qc6 25. Qe2 Rc8 26. Nc4 Rcc7 27. Rf2 b5 28.
Nd6 c4 29. Kb1 f5 30. g4 f4 31. h4 Qd5 32. Ne8 d3 33. cxd3 cxd3 34. Qf3 Rc2 35.
Qxd5 Rxd5 36. Rxd3 Rxd3 37. Rxc2 Nd4 38. Rc7 Rd1+ 39. Ka2 f3 40. Rf7 Re1 41. Nd6
a5 42. Nxb5 Nxb5 43. Rxf3 Rxe5 44. Rf7 h5 45. gxh5 gxh5 46. Rh7 Nd4 47. a4 Nf3
48. b4 axb4 49. Kb3 Nxh4 50. Kxb4 Nf3 51. a5 Nd4 52. Kc4 Nc6 53. a6 Ra5 54. Kc3
Ka8 55. Kd2 Re5 56. Kd3 Nb4+ 57. Kd4 Ra5 58. a7 Nc6+ 59. Ke4 Nxa7 60. Kf4 Nc6
61. Kg3 Nd4 62. Kh4 Nf3+ 63. Kg3 Rf5 0-1

[Event "XXVI Miedzynarodowy Festiwal Szachowy w Poznaniu - OPEN A"]
[Site "Poznan"]
[Date "2018-08-25"]
[Round "8.5"]
[White "Plichta, Kamil "]
[Black "Garbowski, Jakub "]
[Result "1-0"]
[WhiteTitle ""]
[BlackTitle ""]
[WhiteElo "2337"]
[BlackElo "2129"]

1. Nf3 Nf6 2. g3 g6 3. Bg2 Bg7 4. O-O d5 5. d3 O-O 6. Nbd2 c5 7. e4 e6 8. c3 Nc6
9. Re1 Qc7 10. exd5 Nxd5 11. a4 b6 12. Nc4 Ba6 13. h4 Rad8 14. Qe2 h5 15. Bg5
Rde8 16. Rad1 Bb7 17. Qc2 e5 18. Nfd2 Nce7 19. Ne4 f6 20. Bc1 Rd8 21. Qb3 Kh7
22. a5 Bc8 23. axb6 axb6 24. Bd2 Bd7 25. Ra1 Bc6 26. Ra3 Ra8 27. Rea1 Rxa3 28.
Rxa3 Ra8 29. Rxa8 Bxa8 30. Ncd6 Qb8 31. c4 Nc7 32. Ba5 Ne6 33. Qxb6 Qxb6 34. Bxb6
Bxe4 35. Nxe4 Nf5 36. Nxc5 Ned4 37. Ne4 Kg8 38. Kf1 Kf7 39. b4 Bf8 40. c5 Ke6
41. Nc3 Nc2 42. Ba5 Nfd4 43. c6 Bd6 44. b5 Nb4 45. c7 Kd7 46. Bb7 1-0

[Event "XXVI Miedzynarodowy Festiwal Szachowy w Poznaniu - OPEN A"]
[Site "Poznan"]
[Date "2018-08-25"]
[Round "8.6"]
[White "Leskiewicz, Ignacy "]
[Black "Khamitskiy, Sergei "]
[Result "0-1"]
[WhiteTitle ""]
[BlackTitle ""]
[WhiteElo "1964"]
[BlackElo "2233"]

1. e4 e6 2. d4 d5 3. Nd2 Nf6 4. e5 Nfd7 5. c3 c5 6. Bd3 Nc6 7. Ne2 cxd4 8. cxd4
f6 9. exf6 Nxf6 10. Nf3 Bd6 11. O-O Qc7 12. Bg5 O-O 13. Qc2 h6 14. Bh4 Nh5 15.
Bh7+ Kh8 16. Bg6 Rxf3 17. Bxh5 Rf8 18. f4 Bd7 19. Qd2 Qb6 20. Bg6 e5 21. f5 Bb4
22. Qd3 Be7 23. Bf2 e4 24. Qh3 Bg5 25. Be3 Bxe3+ 26. Qxe3 Ne7 27. g4 Nxg6 28.
fxg6 Bxg4 29. Nf4 Bf3 30. b3 Qd6 31. Rxf3 exf3 32. Ne6 f2+ 33. Kg2 Rae8 34. Qxh6+
gxh6 35. g7+ Kg8 36. gxf8=Q+ Rxf8 37. Nxf8 Qxf8 38. Rf1 Qg7+ 39. Kxf2 Qxd4+ 0-1